| 000 | 00875nam a2200289Ia 4500 | ||
|---|---|---|---|
| 001 | Z_2237 | ||
| 003 | CHAP | ||
| 008 | 220113s1994 xx 000 0 und d | ||
| 010 | _a165293 | ||
| 040 | _cCHAP | ||
| 090 | _aTesis F 926 | ||
| 100 |
_aFlores Moreno, Noé _941657 |
||
| 245 |
_aEstimación de parámetros genéticos de cruzamientos en cerdos Landrace-York para caracteres predestete / _cpor Noé Flores Moreno |
||
| 260 |
_aChapingo, Méx. : _bEl autor, _c1994 |
||
| 300 | _a43 h. | ||
| 502 | _aTesis (Ing. Agr. Esp. en Zootecnia) -- UACH. Departamento de Zootecnia | ||
| 650 |
_aGanado porcino _xRazas _945402 |
||
| 650 |
_aGanado porcino _xGenética _945370 |
||
| 650 |
_aGanado porcino _xPeso _945396 |
||
| 650 |
_aLechones _xdestete _965445 |
||
| 901 | _aTESIS F 926 | ||
| 902 | _aM | ||
| 910 | _a1994 | ||
| 942 | _c2 | ||
| 942 | _c2 | ||
| 999 |
_c165293 _d165293 |
||